[Event "TUR-ch U20"]
[Site "Samsun"]
[Date "2023.05.24"]
[Round "8"]
[White "Cakmak, Kursat Kagan"]
[Black "Coskun, Emre"]
[Result "1/2-1/2"]
[WhiteElo "1498"]
[BlackElo "1750"]
[PlyCount "132"]
[EventDate "2023.05.19"]
[EventType "swiss"]
[EventRounds "9"]
[EventCountry "TUR"]
[SourceTitle "CBM 214 Extra"]
[Source "ChessBase"]
[SourceDate "2023.07.31"]
[SourceVersion "1"]
[SourceVersionDate "2023.07.31"]
[SourceQuality "1"]

1. e4 e5 2. Nf3 Nc6 3. Bc4 Bc5 4. c3 Nf6 5. d3 d6 6. Nbd2 h6 7. h3 a6 8. Bb3 Ba7 9. Nf1 Ne7 10. Ng3 c6 11. Nh4 d5 12. Qf3 Qd6 13. Be3 Bxe3 14. fxe3 Be6 15. Nhf5 Nxf5 16. exf5 Bd7 17. Rd1 a5 18. 0-0 a4 19. Bc2 c5 20. c4 0-0 21. Nh5 Nxh5 22. Qxh5 f6 23. Qg4 Bc6 24. d4 dxc4 25. dxe5 Qxe5 26. Qxc4+ Kh8 27. Qc3 Rfe8 28. Qxe5 Rxe5 29. Kf2 Rae8 30. Rfe1 Be4 31. Bxe4 Rxe4 32. Rd7 Rb4 33. Re2 h5 34. Kf3 h4 35. Rd5 b6 36. e4 Kh7 37. Rd6 b5 38. Rd5 Rc4 39. Rd3 b4 40. b3 axb3 41. axb3 Rc1 42. Kg4 Rc3 43. Rxc3 bxc3 44. Rc2 Rxe4+ 45. Kf3 Re5 46. Kf4 Kg8 47. Rxc3 Kf7 48. Rc2 Ke8 49. Ra2 Re1 50. Rc2 Re5 51. Ra2 Rd5 52. Ra7 Rd7 53. Ra5 Rd5 54. Ra7 Rd4+ 55. Ke3 Rd7 56. Ra5 Rb7 57. Rxc5 Rxb3+ 58. Kf2 Rb2+ 59. Kf3 Rb3+ 60. Kg4 Rg3+ 61. Kxh4 Rxg2 62. Rc7 Kf8 63. Rb7 Kg8 64. Rb8+ Kh7 65. Ra8 Rg5 66. Rh8+ Kxh8 1/2-1/2

[Event "TUR-chT 2nd League"]
[Site "Konya"]
[Date "2018.07.20"]
[Round "7.12"]
[White "Aydin, Mert Dogan"]
[Black "Coskun, Emre"]
[Result "0-1"]
[WhiteElo "1719"]
[BlackElo "1590"]
[PlyCount "112"]
[EventDate "2018.07.16"]
[EventType "team-swiss"]
[EventRounds "9"]
[EventCountry "TUR"]
[SourceTitle "EXT 2019"]
[Source "ChessBase"]
[SourceDate "2018.10.10"]
[SourceVersion "1"]
[SourceVersionDate "2018.10.10"]
[SourceQuality "1"]
[WhiteTeam "Hayat Genclik"]
[BlackTeam "Mardin Kale"]
[WhiteTeamCountry "TUR"]
[BlackTeamCountry "TUR"]

1. e4 e5 2. Nf3 Nc6 3. Bc4 Nf6 4. d4 exd4 5. 0-0 Nxe4 6. Re1 d5 7. Bxd5 Qxd5 8. Nc3 Qh5 9. Nxe4 Be6 10. Neg5 0-0-0 11. Nxe6 fxe6 12. Rxe6 Bd6 13. Qe2 d3 14. cxd3 Nd4 15. Qe4 Nxe6 16. Qxe6+ Kb8 17. Be3 Rhf8 18. Rc1 Rde8 19. Qc4 g5 20. h3 Rxf3 21. gxf3 Qxh3 22. Rc2 Bh2+ 23. Kh1 Bf4+ 24. Kg1 b6 25. d4 a5 26. Qc3 Bh2+ 27. Kh1 Bf4+ 28. Kg1 Qxf3 29. Bxf4 Qxf4 30. Qd2 Qg4+ 31. Kh2 h5 32. Qc3 Qf4+ 33. Qg3 Re4 34. Qxf4 Rxf4 35. Rd2 Kc8 36. Kg2 Kd7 37. Re2 Rxd4 38. Re5 Rd2 39. Rb5 Kc6 40. a4 Rd5 41. Rb3 Kd6 42. Rc3 c6 43. Kg3 b5 44. axb5 cxb5 45. f4 gxf4+ 46. Kxf4 Rd4+ 47. Ke3 Rg4 48. Kf2 Kd5 49. Ra3 a4 50. b3 h4 51. bxa4 bxa4 52. Rc3 Rc4 53. Rh3 Kc5 54. Ke2 Kb4 55. Kd2 a3 56. Rh1 a2 0-1